Tumbuh tumbuhan

Bibliographic Details
Format: Book
Published: Petaling Jaya , Pan Earth , 1995
Series:Alam sains muda
Subjects:

MARC

LEADER 00000cam a2200000 7i4500
001 0000006265
002 000006763
005 20060206.0
020 |a 9837503386 
090 0 0 |a 500   |b TUM 
245 0 0 |a Tumbuh tumbuhan   |c penterjemah Nurazizan Aziz 
260 |a Petaling Jaya ,   |c Pan Earth ,   |c 1995 
300 |a 124p. :   |b ill. ;   |c 21cm. 
490 0 |a Alam sains muda 
650 0 0 |a Plants   |x Juvenile literature 
999 |a 039119   |b BUKU   |c JUNIOR BOOKS   |e PERPUSTAKAAN KOMUNITI PETALING JAYA